000 00840nam a2200205Ia 4500
001 10217
003 GE_BSU
008 181216s||||||||xx |||||||||||||| ||und||
040 _cGE_BSU
080 _a821.353.1–1+821.353.1–32
245 _aრიწა:აფხაზეთში მომუშავე ქართველი მწერლების ლექსები და მოთხრობები.
245 _bლექსები და მოთხრობები
245 _cრედ:მოსე გვასალია;მხატვ:პ.გ.ცქვიტარია.
260 _aსოხუმი
260 _bალაშარა
260 _c1968
300 _a407გვ;20სმ.
653 _aრიწა:ლექსები და მოთხრობები
942 _cBK
999 _c43486
_d43486